| 000 | 01067nam a22002537a 4500 | ||
|---|---|---|---|
| 005 | 20160111140355.0 | ||
| 010 | _aENG-114410-411 | ||
| 020 |
_a9789351435938 _c4495.00 (set price) |
||
| 020 |
_a9789351435945 (v.1) _c4495.00 (set price) |
||
| 020 |
_a9789351435952 (v.2) _c4495.00 (set price) |
||
| 035 | _aEN-97942-943 | ||
| 037 | _bDBAD/PUB | ||
| 082 | _a346.540488 | ||
| 100 | _aKailasam, K.C. | ||
| 245 |
_aVenkateswaran on trade marks & passing off / _cby K.C. Kailasam; foreworded by Raghbir Singh |
||
| 250 | _a6th ed | ||
| 260 |
_aGurgaon _bLexisNexis _c2015 |
||
| 270 |
_a14th Floor, Building No.10, Tower-B, DLF Cyber City, Phase-II _bGurgaon _e122002 |
||
| 300 |
_a2V.(ccciii,1761,142p. ; cxxviii,1762-3747,142p.) _c25cm(Hb) |
||
| 500 | _aIncludes index | ||
| 505 | _av.1- the trade marks act, 1999 sections 1 to 36G v.2- the trade marks act, 1999 sections 37 to 159 the geographical indications of goods (registration & protection) act,1999 and appendices | ||
| 700 | _aRaghbir Singh | ||
| 942 |
_2ddc _cEN _mKAI _h346.540488 |
||
| 999 |
_c97962 _d97962 |
||